00685 a2200193 4500010001400000020002600014035001300040037001600053082001200069090001500081100002000096245006900116260004600185300003100231500005100262942002600313999001500339952013700354 aENG-88944 a9780195693157c695.00 aEN-72477 bDBAD / PUB14a954.022 c9705d9705 aMoosvi, Shireen1 aPeople, taxation, and trade in Mughal India /cby Shireen Moosvi aNew DelhibOxford University Pressc2008 axxxv, 304p. ;c22 cm (Hb) aIncludes bibliographical references and index adplcENk954.022/ MOO c9528d9528 00102ddc40718NFICaDBADbDBADeDBAD/PUBg695.00l0o954.022 MOOpEN-72477r2008-09-15 00:00:00t1u10514v695.00w2008-09-15yEN